000
00210nam a22000857a 4500
008
170120b xxu||||| |||| 00| 0 eng d
100
_9
2517
_a
Minhas.S.S.
245
_a
My Green plany-2
260
_a
New Delhi
_b
PMP
_c
2011
999
_c
5595
_d
5595